| 000 | 00713nam a2200277Ia 4500 | ||
|---|---|---|---|
| 001 | Z_4646 | ||
| 003 | CHAP | ||
| 008 | 220113s1982 xx 000 0 und d | ||
| 010 | _a167721 | ||
| 040 | _cCHAP | ||
| 082 | _a636.5 S2 | ||
| 100 |
_aScott, Milton _9141983 |
||
| 245 |
_aNutrition of the chicken / _cpor Milton Scott, Malden Nesheim and Robert J. Young |
||
| 260 |
_aIthaca, N.Y. : _bM. L. Scott & associates, _c1982 |
||
| 300 | _a562 p. | ||
| 440 | _a | ||
| 500 | _a | ||
| 503 | _a126546 | ||
| 650 |
_aAves de corral _xNutrición I. Nesheim, Malden II. Young, Robert J III. t. _9141984 |
||
| 901 | _a636.5 S2 | ||
| 902 | _aA | ||
| 910 | _a1982 | ||
| 942 | _c1 | ||
| 942 | _cc1 | ||
| 999 |
_c167721 _d167721 |
||